[Event "20th Reykjavik op"]
[Site "Reykjavik ISL"]
[Date "2002.03.07"]
[Round "1"]
[White "Arnarsson, Hrannar"]
[Black "Asmundsson, Ingvar"]
[Result "0-1"]
[WhiteElo "2035"]
[BlackElo "2347"]
[EventDate "2002.03.07"]
[PlyCount "110"]

1.e4 c5 2.Nf3 e6 3.d4 cxd4 4.Nxd4 a6 5.Be2 Nf6 6.Bf3 Qc7 7.O-O Bd6 8.h3 
Nc6 9.Nxc6 dxc6 10.Be3 O-O 11.c4 c5 12.Qe2 Bh2+ 13.Kh1 Be5 14.Rd1 b6 15.
Bg5 Bb7 16.Nc3 h6 17.Bxf6 Bxf6 18.Rd3 Rad8 19.Rad1 Rd4 20.b3 Rfd8 21.Na4 
Rxd3 22.Rxd3 Rxd3 23.Qxd3 Bc6 24.e5 Bxe5 25.Bxc6 Qxc6 26.Qd8+ Kh7 27.Nxb6 
Qe4 28.Qd1 Qf4 29.Qc2+ g6 30.g3 Qf3+ 31.Kg1 Bd4 32.Kf1 Qh1+ 33.Ke2 Qxh3 
34.Qe4 Qf5 35.Qxf5 gxf5 36.Nd7 a5 37.a3 Kg7 38.b4 cxb4 39.axb4 a4 40.c5 a3
41.c6 a2 42.c7 a1=Q 43.c8=Q Qb2+ 44.Kd3 Qxb4 45.Ke2 Bf6 46.Kf1 Qb1+ 47.Kg2
Qe4+ 48.Kg1 Be7 49.Qc7 Qd4 50.Kg2 Bd6 51.Qc8 f4 52.gxf4 Qxf4 53.Qc3+ e5 
54.Nc5 Qg4+ 55.Kf1 Qd1+ 0-1

[Event "20th Reykjavik op"]
[Site "Reykjavik ISL"]
[Date "2002.03.07"]
[Round "1"]
[White "Bergsson, Stefan"]
[Black "Gunnarsson, Arnar"]
[Result "0-1"]
[WhiteElo "2021"]
[BlackElo "2322"]
[EventDate "2002.03.07"]
[PlyCount "84"]

1.d4 Nf6 2.Nf3 e6 3.c4 b6 4.g3 Bb7 5.Bg2 Bb4+ 6.Bd2 Qe7 7.a3 Bxd2+ 8.Nbxd2
c5 9.e3 O-O 10.O-O Rd8 11.Qa4 cxd4 12.exd4 d5 13.Rfd1 dxc4 14.Nxc4 Bc6 15.
Qb3 Qb7 16.Nce5 Bd5 17.Qe3 Nc6 18.Nh4 Ne7 19.g4 h6 20.Rac1 Rac8 21.f4 Bxg2
22.Nxg2 Qd5 23.Rxc8 Rxc8 24.Qe2 Qb3 25.g5 Rc2 26.Rd2 Rxd2 27.Qxd2 hxg5 28.
fxg5 Ne4 29.Qc1 Nf5 30.g6 fxg6 31.Nxg6 Nxd4 32.Qc8+ Kh7 33.Nf8+ Kh6 34.
Qc1+ g5 35.Qf1 Nf3+ 36.Kh1 Qd3 37.Ne3 Qxe3 38.Qh3+ Kg7 39.Qh7+ Kxf8 40.
Qh8+ Ke7 41.Qg7+ Kd6 42.Qf8+ Ke5 0-1

[Event "20th Reykjavik op"]
[Site "Reykjavik ISL"]
[Date "2002.03.07"]
[Round "1"]
[White "Bjornsson, Sigurbjorn"]
[Black "Kristinsdottir, Aslaug"]
[Result "1-0"]
[WhiteElo "2312"]
[BlackElo "2007"]
[EventDate "2002.03.07"]
[PlyCount "155"]

1.e4 c5 2.Nf3 Nc6 3.d4 cxd4 4.Nxd4 a6 5.Nc3 e6 6.Be3 Nf6 7.Be2 Be7 8.O-O 
b5 9.a3 Bb7 10.Nxc6 dxc6 11.Qe1 Qc7 12.f4 c5 13.e5 Nd5 14.Nxd5 Bxd5 15.Qg3
g6 16.a4 b4 17.Rad1 h5 18.f5 h4 19.Qf2 gxf5 20.Rxd5 exd5 21.Qxf5 Kd8 22.
Qxf7 Qxe5 23.Qf4 Qxf4 24.Bxf4 Rf8 25.g3 hxg3 26.hxg3 Kd7 27.Bf3 Kc6 28.Rd1
Rad8 29.c4 bxc3 30.bxc3 c4 31.Kg2 Bf6 32.Bd2 Kc5 33.Be3+ Kc6 34.Bd2 Be5 
35.Re1 Rfe8 36.Bh5 Re6 37.Bf4 Kd6 38.Bg4 Ree8 39.Bh5 Re6 40.Bg4 Ree8 41.
Bd2 d4 42.cxd4 Bxd4 43.Bb4+ Bc5 44.Rd1+ Kc6 45.Bf3+ Kb6 46.Bd2 Rd3 47.Rb1+
Rb3 48.Rd1 Rb2 49.Kh3 Bb4 50.Bf4 c3 51.Rd7 Rc8 52.Rd5 Bc5 53.Rh5 c2 54.Bg4
Rc6 55.Bd7 Rg6 56.a5+ Kxa5 57.Rxc5+ Kb4 58.Rc8 Rb6 59.Bf5 Kb3 60.g4 a5 61.
Bc1 Ra2 62.g5 a4 63.g6 Rxg6 64.Bxg6 Ra1 65.Bxc2+ Kb4 66.Bd2+ Kb5 67.Bc3 
Ra2 68.Bd3+ Kb6 69.Kg3 Kb7 70.Rc4 Kb6 71.Kf3 Ra3 72.Ke3 Ra2 73.Kd4 Ra3 74.
Kd5 Ra2 75.Kd6 Ra3 76.Rb4+ Ka7 77.Bd4+ Ka8 78.Be4# 1-0

[Event "20th Reykjavik op"]
[Site "Reykjavik ISL"]
[Date "2002.03.07"]
[Round "1"]
[White "Bjornsson, Tomas"]
[Black "Korneev, Oleg"]
[Result "0-1"]
[WhiteElo "2248"]
[BlackElo "2568"]
[EventDate "2002.03.07"]
[PlyCount "98"]

1.e4 e5 2.Nf3 Nc6 3.Bb5 a6 4.Bxc6 dxc6 5.d4 exd4 6.Qxd4 Qxd4 7.Nxd4 Bd7 8.
Nc3 O-O-O 9.Be3 c5 10.Nde2 Bc6 11.O-O b6 12.Rad1 Re8 13.f3 f5 14.Ng3 g6 
15.Bf4 fxe4 16.Ncxe4 Bg7 17.b3 Ne7 18.Rfe1 Nd5 19.Bd2 Nb4 20.c3 Nd3 21.Rf1
c4 22.Bg5 Rhf8 23.Be3 a5 24.bxc4 Nb2 25.Rde1 Nxc4 26.Bd4 Bxd4+ 27.cxd4 h6 
28.Rc1 Bd5 29.Nc3 c6 30.Nxd5 cxd5 31.Kf2 b5 32.Rfe1 Kd7 33.Nf1 Rxe1 34.
Rxe1 b4 35.Ne3 Nxe3 36.Rxe3 Rc8 37.Re2 Rc3 38.Rd2 Kc6 39.f4 h5 40.Re2 a4 
41.Re6+ Kb5 42.Rxg6 b3 43.axb3 axb3 44.Rg8 Rc6 45.Rb8+ Rb6 46.Re8 b2 47.
Re1 Kc4 48.Rb1 Kxd4 49.Kf3 Kc3 0-1

[Event "20th Reykjavik op"]
[Site "Reykjavik ISL"]
[Date "2002.03.07"]
[Round "1"]
[White "Brodsky, Mikhail"]
[Black "Ptacnikova, Lenka"]
[Result "1-0"]
[WhiteElo "2542"]
[BlackElo "2239"]
[EventDate "2002.03.07"]
[PlyCount "75"]

1.e4 c5 2.Nf3 Nc6 3.Bb5 g6 4.Bxc6 bxc6 5.O-O Bg7 6.c3 Nh6 7.d4 cxd4 8.cxd4
O-O 9.h3 d6 10.Bd2 f5 11.e5 Nf7 12.Re1 Qb6 13.Bc3 Ba6 14.Nbd2 Kh8 15.Rc1 
Rac8 16.Qa4 Bb5 17.Qc2 Qa6 18.b3 Bd3 19.Qb2 d5 20.Bb4 Rfe8 21.e6 Nd8 22.
Ne5 f4 23.Ndf3 Bf5 24.Nf7+ Kg8 25.Nxd8 Rcxd8 26.Qd2 Rc8 27.Bc5 Bf6 28.Qxf4
Qxa2 29.Qe3 Rb8 30.b4 Rb7 31.Nd2 Ra8 32.g4 Bc2 33.Re2 Ba4 34.Ne4 Qb3 35.
Nxf6+ exf6 36.Rc3 Qb1+ 37.Re1 Qe4 38.Qd2 1-0

[Event "20th Reykjavik op"]
[Site "Reykjavik ISL"]
[Date "2002.03.07"]
[Round "1"]
[White "Danielsen, Henrik"]
[Black "Halldorsson, Bragi"]
[Result "1-0"]
[WhiteElo "2520"]
[BlackElo "2236"]
[EventDate "2002.03.07"]
[PlyCount "63"]

1.f4 d5 2.Nf3 g6 3.e3 Bg7 4.d4 Nf6 5.Bd3 O-O 6.O-O c5 7.c3 b6 8.Qe2 a5 9.
Nbd2 e6 10.b3 Ba6 11.Bb2 Bxd3 12.Qxd3 Nfd7 13.c4 Nc6 14.Rad1 Qc7 15.Ne5 
Rfd8 16.Ndf3 cxd4 17.exd4 Rac8 18.Ng5 Ndxe5 19.fxe5 Qe7 20.Nxf7 dxc4 21.
Qh3 Rf8 22.Nd6 Rxf1+ 23.Rxf1 Rf8 24.bxc4 Rxf1+ 25.Kxf1 Nd8 26.Qf3 Qc7 27.
Qb3 Bf8 28.Ne8 Qc6 29.Nf6+ Kh8 30.Qb5 Qc7 31.Qd7 Qxc4+ 32.Kg1 1-0

[Event "20th Reykjavik op"]
[Site "Reykjavik ISL"]
[Date "2002.03.07"]
[Round "1"]
[White "Edvardsson, Kristjan"]
[Black "Berkes, Ferenc"]
[Result "0-1"]
[WhiteElo "2239"]
[BlackElo "2522"]
[EventDate "2002.03.07"]
[PlyCount "52"]

1.d4 Nf6 2.Nf3 e6 3.g3 c5 4.Bg2 cxd4 5.Nxd4 a6 6.O-O Qc7 7.b3 d5 8.Bb2 e5 
9.Nf3 Nc6 10.Nbd2 Be7 11.Nh4 O-O 12.e4 Rd8 13.Qe2 Bg4 14.f3 Be6 15.Nf5 Bb4
16.Rad1 Qa5 17.Nb1 Qxa2 18.Bc3 Bc5+ 19.Kh1 d4 20.Be1 Bf8 21.Rf2 g6 22.Nh4 
d3 23.cxd3 Qxe2 24.Rxe2 Bxb3 25.Rdd2 Nd4 26.Rf2 Bb4 0-1

[Event "20th Reykjavik op"]
[Site "Reykjavik ISL"]
[Date "2002.03.07"]
[Round "1"]
[White "Gretarsdottir, Lilja"]
[Black "Thorfinnsson, Bragi"]
[Result "0-1"]
[WhiteElo "2056"]
[BlackElo "2360"]
[EventDate "2002.03.07"]
[PlyCount "52"]

1.e4 c5 2.Nf3 d6 3.d4 cxd4 4.Nxd4 Nf6 5.Bb5+ Nbd7 6.Nc3 a6 7.Bxd7+ Bxd7 8.
Be3 e5 9.Nf3 Bc6 10.Bg5 Qb6 11.Bxf6 Qxb2 12.Bxe5 dxe5 13.Nd5 Bxd5 14.exd5 
Qc3+ 15.Kf1 O-O-O 16.Qe1 Qc4+ 17.Kg1 f6 18.h3 Qxd5 19.Kh2 e4 20.Ng1 Qe5+ 
21.g3 Bc5 22.Rd1 Rxd1 23.Qxd1 Bxf2 24.Qg4+ f5 25.Qf4 Qxf4 26.gxf4 Rd8 0-1

[Event "20th Reykjavik op"]
[Site "Reykjavik ISL"]
[Date "2002.03.07"]
[Round "1"]
[White "Gunnarsson, Jon Viktor"]
[Black "Arngrimsson, Dagur"]
[Result "1/2-1/2"]
[WhiteElo "2402"]
[BlackElo "2094"]
[EventDate "2002.03.07"]
[PlyCount "90"]

1.e4 e5 2.Nf3 Nc6 3.Bc4 Nf6 4.d3 Be7 5.O-O O-O 6.c3 d5 7.exd5 Nxd5 8.Re1 
Bf6 9.Bb5 Re8 10.Nbd2 Bf5 11.Ne4 Bxe4 12.dxe4 Nde7 13.Qc2 a6 14.Bf1 Ng6 
15.g3 Qe7 16.Be3 Nd8 17.a4 c5 18.a5 Nc6 19.Qa4 Nf8 20.Bc4 Rac8 21.h4 h6 
22.Red1 Red8 23.Bd5 Nd7 24.Kg2 Rc7 25.Qc4 Qe8 26.g4 b5 27.Qe2 Be7 28.g5 
hxg5 29.Nxg5 Bxg5 30.hxg5 Ne7 31.Qh5 Nxd5 32.Rxd5 Nf8 33.Rxd8 Qxd8 34.Rd1 
Qe8 35.Rd6 Rc6 36.Qd1 Rxd6 37.Qxd6 Qe6 38.Qd8 Qd7 39.Qxd7 Nxd7 40.f4 c4 
41.f5 Nb8 42.Bb6 Nc6 43.Kf3 g6 44.Ke3 Kf8 45.Kd2 Ke7 1/2-1/2

[Event "20th Reykjavik op"]
[Site "Reykjavik ISL"]
[Date "2002.03.07"]
[Round "1"]
[White "Halldorsson, Halldor"]
[Black "Olafsson, Helgi"]
[Result "0-1"]
[WhiteElo "2149"]
[BlackElo "2474"]
[EventDate "2002.03.07"]
[PlyCount "78"]

1.e4 c5 2.Nf3 Nc6 3.Bb5 e6 4.O-O Nge7 5.b3 Nd4 6.Nxd4 cxd4 7.c3 a6 8.Bd3 
Nc6 9.Bb2 Bc5 10.Qh5 d6 11.a4 O-O 12.b4 Ba7 13.Na3 Ne5 14.Qe2 Bd7 15.Nc2 
dxc3 16.Bxc3 Rc8 17.Ra3 Qc7 18.Ne3 Rfd8 19.Kh1 Nxd3 20.Qxd3 d5 21.exd5 Qf4
22.Qe2 Bb8 23.g3 Qe4+ 24.f3 Qg6 25.Bd4 e5 26.Bc3 b5 27.a5 Bh3 28.Rg1 Bd7 
29.Rf1 Re8 30.Qg2 Ba7 31.Qe2 Rcd8 32.Ng2 Bf5 33.Re1 Bd3 34.Qd1 e4 35.Nf4 
Qf5 36.Re3 Bxe3 37.dxe3 exf3 38.Qxd3 Rxd5 39.Bd4 Rxd4 0-1

[Event "20th Reykjavik op"]
[Site "Reykjavik ISL"]
[Date "2002.03.07"]
[Round "1"]
[White "Hillarp Persson, Tiger"]
[Black "Thorsteinsson, Erlingur"]
[Result "1-0"]
[WhiteElo "2456"]
[BlackElo "2142"]
[EventDate "2002.03.07"]
[PlyCount "80"]

1.d4 Nf6 2.c4 g6 3.f3 d6 4.e4 Bg7 5.Nc3 O-O 6.Nge2 e5 7.Bg5 h6 8.Be3 Nc6 
9.d5 Ne7 10.Qd2 Kh7 11.g4 c6 12.O-O-O cxd5 13.cxd5 Bd7 14.Ng3 Qa5 15.Kb1 
Rac8 16.h4 Nxg4 17.fxg4 Bxg4 18.Be2 Bxe2 19.Ngxe2 f5 20.h5 f4 21.hxg6+ 
Nxg6 22.Bf2 b5 23.Qd3 Rb8 24.Nc1 Rb7 25.Nb3 Qb4 26.Nd2 Qa5 27.Ne2 Rc8 28.
Ng1 Rbc7 29.Ngf3 Rc3 30.bxc3 Rxc3 31.Nb3 Rxd3 32.Nxa5 Rxf3 33.Bxa7 Ra3 34.
Bb6 Bf8 35.Rc1 Kg7 36.Bd8 Kf7 37.Rhg1 h5 38.Rc7+ Ke8 39.Rxg6 Rxa5 40.Bh4 
Ra8 1-0

[Event "20th Reykjavik op"]
[Site "Reykjavik ISL"]
[Date "2002.03.07"]
[Round "1"]
[White "Holmsten, Aleksei"]
[Black "Einarsson, Einar Kristinn"]
[Result "1-0"]
[WhiteElo "2420"]
[BlackElo "2107"]
[EventDate "2002.03.07"]
[PlyCount "69"]

1.e4 Nf6 2.e5 Nd5 3.d4 d6 4.c4 Nb6 5.exd6 cxd6 6.Nc3 g6 7.Be3 Bg7 8.Rc1 
O-O 9.b3 Nc6 10.Be2 Bf5 11.d5 Nb4 12.a3 Na6 13.Nf3 Bg4 14.Bd4 Bh6 15.Rb1 
Bf5 16.Bd3 Bxd3 17.Qxd3 Nc5 18.Bxc5 dxc5 19.O-O Bg7 20.Rbd1 Qd7 21.Ne4 Qc7
22.h4 Bb2 23.h5 Qf4 24.Nxc5 Bxa3 25.Nxb7 Rab8 26.Na5 Nd7 27.Nc6 Rb7 28.
Rfe1 Nf6 29.hxg6 hxg6 30.g3 Qg4 31.Kg2 Kg7 32.Rh1 Bc5 33.Qd2 Nh5 34.Rh4 
Qd7 35.Rxh5 1-0

[Event "20th Reykjavik op"]
[Site "Reykjavik ISL"]
[Date "2002.03.07"]
[Round "1"]
[White "Ivanov, Mikhail M."]
[Black "Jiretorn, Eva"]
[Result "1-0"]
[WhiteElo "2446"]
[BlackElo "2112"]
[EventDate "2002.03.07"]
[PlyCount "57"]

1.d4 Nf6 2.c4 g6 3.Nc3 Bg7 4.e4 d6 5.Nge2 Nbd7 6.Ng3 h5 7.h4 c5 8.d5 Ne5 
9.Be2 Bg4 10.f3 Bd7 11.Bg5 a6 12.Qd2 Qa5 13.O-O O-O 14.f4 Neg4 15.e5 dxe5 
16.fxe5 Nh7 17.Bxg4 Bxg4 18.Bxe7 Bxe5 19.Nge4 Bd4+ 20.Kh1 Rfe8 21.d6 Be6 
22.Nd5 Qxd2 23.Nxd2 Bxd5 24.cxd5 f5 25.Nf3 Bf6 26.Rfe1 b5 27.Re6 Kf7 28.
Rae1 Ra7 29.Bxf6 1-0

[Event "20th Reykjavik op"]
[Site "Reykjavik ISL"]
[Date "2002.03.07"]
[Round "1"]
[White "Johannesson, Ingvar Thor"]
[Black "Ehlvest, Jaan"]
[Result "0-1"]
[WhiteElo "2267"]
[BlackElo "2589"]
[EventDate "2002.03.07"]
[PlyCount "102"]

1.e4 c5 2.b3 Nc6 3.Bb5 Nd4 4.Bc4 Nf6 5.Ne2 Nxe4 6.Nxd4 cxd4 7.Bxf7+ Kxf7 
8.Qh5+ g6 9.Qd5+ e6 10.Qxe4 Bg7 11.Bb2 d5 12.Qf4+ Qf6 13.Qc7+ Qe7 14.Qxe7+
Kxe7 15.f4 Bd7 16.a4 Rac8 17.Na3 a6 18.d3 Rhf8 19.O-O b5 20.axb5 axb5 21.
b4 Ra8 22.Nb1 Rxa1 23.Bxa1 Rc8 24.Nd2 g5 25.g3 gxf4 26.gxf4 Rg8 27.Kh1 Rf8
28.Kg2 Rf7 29.Rf2 Rf6 30.Nb3 Bh6 31.Bxd4 Rxf4 32.Bc5+ Ke8 33.Rxf4 Bxf4 34.
Na5 e5 35.Bd6 d4 36.h3 Kf7 37.Nb3 Ke6 38.Bc7 Kd5 39.Nc5 Bf5 40.Nb3 Bg5 41.
Bb6 Bh4 42.Bc5 Bg6 43.Nd2 Be1 44.Nf3 Bc3 45.Nh4 Bh5 46.Nf3 h6 47.Kf2 e4 
48.dxe4+ Kxe4 49.Ne1 Bd1 50.Bf8 h5 51.Be7 Kd5 0-1

[Event "20th Reykjavik op"]
[Site "Reykjavik ISL"]
[Date "2002.03.07"]
[Round "1"]
[White "Johansson, Viktoria"]
[Black "Berg, Emanuel"]
[Result "0-1"]
[WhiteElo "2199"]
[BlackElo "2500"]
[EventDate "2002.03.07"]
[PlyCount "100"]

1.d4 e6 2.c4 Nf6 3.Nc3 Bb4 4.e3 b6 5.Bd3 Bb7 6.Nf3 Ne4 7.O-O Bxc3 8.bxc3 
d6 9.Nd2 Nxd2 10.Bxd2 Nd7 11.Qc2 c5 12.Rad1 Rc8 13.e4 cxd4 14.cxd4 e5 15.
Bb4 Qc7 16.Be2 exd4 17.Rxd4 Nc5 18.Rfd1 Bc6 19.Bxc5 dxc5 20.Rd6 O-O 21.e5 
Qb7 22.f3 Rce8 23.Bd3 Rxe5 24.Bxh7+ Kh8 25.Rd8 Qe7 26.Rxf8+ Qxf8 27.Bd3 
Qe8 28.Qf2 Qe7 29.Qg3 g6 30.Bf1 Kg7 31.Qf2 Qf6 32.f4 Re4 33.g3 Ba4 34.Rd2 
Qc3 35.Rd6 Re3 36.Qd2 Bc2 37.Qxc3+ Rxc3 38.Rd7 Ra3 39.Bg2 Bf5 40.Rd2 Bd3 
41.Bf1 Bb1 42.Bg2 Rxa2 43.Rd1 Bf5 44.Bd5 Rb2 45.Re1 Kf8 46.Re5 a5 47.h4 a4
48.Bc6 a3 49.Re8+ Kg7 50.Ra8 a2 0-1

[Event "20th Reykjavik op"]
[Site "Reykjavik ISL"]
[Date "2002.03.07"]
[Round "1"]
[White "Kiss, Pal"]
[Black "Boricsev, Oleg"]
[Result "1/2-1/2"]
[WhiteElo "2390"]
[BlackElo "2333"]
[EventDate "2002.03.07"]
[PlyCount "20"]

1.d4 f5 2.g3 Nf6 3.Bg2 g6 4.c3 c6 5.Qb3 Bg7 6.Nh3 Qb6 7.Nd2 d5 8.Nf3 Ne4 
9.Nf4 Na6 10.Nd3 Nc7 1/2-1/2

[Event "20th Reykjavik op"]
[Site "Reykjavik ISL"]
[Date "2002.03.07"]
[Round "1"]
[White "Kjartansson, David"]
[Black "Gretarsson, Helgi Ass"]
[Result "0-1"]
[WhiteElo "2235"]
[BlackElo "2520"]
[EventDate "2002.03.07"]
[PlyCount "52"]

1.e4 e5 2.Nf3 Nc6 3.Bb5 a6 4.Ba4 d6 5.c3 f5 6.d3 Nf6 7.Bg5 Be7 8.Nbd2 O-O 
9.Bxf6 Bxf6 10.Qe2 Kh8 11.h3 Ne7 12.Bb3 c6 13.O-O-O Ng6 14.g4 Nf4 15.Qe3 
fxg4 16.hxg4 Bxg4 17.Rdg1 Bh5 18.Kb1 g6 19.Ne1 Bg5 20.Ndf3 Bh6 21.d4 Qe7 
22.dxe5 dxe5 23.Rg3 Rad8 24.a3 b5 25.Qb6 Ne2 26.Rgh3 Nxc3+ 0-1

[Event "20th Reykjavik op"]
[Site "Reykjavik ISL"]
[Date "2002.03.07"]
[Round "1"]
[White "Lobron, Eric"]
[Black "Thorarinsson, Pall"]
[Result "1-0"]
[WhiteElo "2517"]
[BlackElo "2217"]
[EventDate "2002.03.07"]
[PlyCount "83"]

1.Nf3 Nf6 2.c4 e6 3.g3 b6 4.Bg2 Bb7 5.O-O Be7 6.d4 O-O 7.Nc3 Ne4 8.Bd2 f5 
9.Rc1 d6 10.Ne1 Nxc3 11.Bxc3 Bxg2 12.Nxg2 g5 13.e4 Nd7 14.f4 Nf6 15.exf5 
exf5 16.fxg5 Ne4 17.h4 d5 18.Be1 dxc4 19.Rxc4 b5 20.Rc6 Qd5 21.Rh6 Bc5 22.
Bc3 Rfd8 23.Nf4 Qc4 24.Ne6 Nxc3 25.bxc3 Qxc3 26.Kg2 Rxd4 27.Nxd4 Bxd4 28.
Qe2 Bg7 29.Rf3 Qc5 30.Re6 a5 31.h5 f4 32.gxf4 Qf5 33.h6 Bd4 34.Kg3 c5 35.
Qe4 Qf7 36.Re7 Qg6 37.Qxg6+ hxg6 38.f5 gxf5 39.g6 a4 40.g7 Rc8 41.Rxf5 c4 
42.Rf8+ 1-0

[Event "20th Reykjavik op"]
[Site "Reykjavik ISL"]
[Date "2002.03.07"]
[Round "1"]
[White "Miezis, Normunds"]
[Black "Halldorsson, Jon Arni"]
[Result "1-0"]
[WhiteElo "2498"]
[BlackElo "2181"]
[EventDate "2002.03.07"]
[PlyCount "59"]

1.c4 e6 2.e4 d5 3.exd5 exd5 4.d4 Nf6 5.Nc3 Bb4 6.Bd3 O-O 7.Nf3 Re8+ 8.Be3 
dxc4 9.Bxc4 Be6 10.Bxe6 Rxe6 11.O-O Na6 12.Bg5 c6 13.Bh4 h6 14.Qb3 Qd7 15.
Rad1 Bxc3 16.bxc3 b5 17.Ne5 Qe8 18.f4 Nd5 19.c4 bxc4 20.Qxc4 Nac7 21.f5 
Rxe5 22.dxe5 Ne3 23.Qc5 Nxf1 24.Rxf1 Nd5 25.Re1 Qb8 26.Bf2 Qb5 27.Qd6 Nf4 
28.e6 Qxf5 29.Qxc6 Qd5 30.exf7+ 1-0

[Event "20th Reykjavik op"]
[Site "Reykjavik ISL"]
[Date "2002.03.07"]
[Round "1"]
[White "Rowson, Jonathan"]
[Black "Fridjonsson, Julius"]
[Result "1-0"]
[WhiteElo "2512"]
[BlackElo "2200"]
[EventDate "2002.03.07"]
[PlyCount "60"]

1.e4 c6 2.d4 d5 3.exd5 cxd5 4.c4 Nf6 5.Nc3 e6 6.Nf3 Be7 7.cxd5 Nxd5 8.Bd3 
Nc6 9.O-O a6 10.Re1 Ncb4 11.Be4 Nf6 12.Bb1 O-O 13.Ne5 Bd7 14.Re3 Bc6 15.
Rh3 g6 16.Bh6 Re8 17.Rg3 Bf8 18.Bg5 Be7 19.h4 Nd7 20.Qe2 Nxe5 21.dxe5 Nd5 
22.Ne4 Bxg5 23.Rxg5 f5 24.exf6 Nxf6 25.Bc2 Kh8 26.Rd1 Qe7 27.Nd6 Red8 28.
Qe5 Rd7 29.Bxg6 hxg6 30.Rxg6 Kh7 1-0

[Event "20th Reykjavik op"]
[Site "Reykjavik ISL"]
[Date "2002.03.07"]
[Round "1"]
[White "Sigfusson, Sigurdur"]
[Black "Ingolfsdottir, Harpa"]
[Result "1-0"]
[WhiteElo "2351"]
[BlackElo "2053"]
[EventDate "2002.03.07"]
[PlyCount "45"]

1.e4 e6 2.d3 d5 3.Nd2 Nf6 4.Ngf3 dxe4 5.dxe4 Bc5 6.Bd3 Nc6 7.O-O h6 8.e5 
Nd5 9.Ne4 Qe7 10.a3 Bd7 11.c4 Nb6 12.Nxc5 Qxc5 13.b4 Qe7 14.b5 Na5 15.Qc2 
a6 16.a4 Naxc4 17.Bxc4 axb5 18.Be2 Nd5 19.Bxb5 Bxb5 20.Ba3 Qd7 21.axb5 
Qxb5 22.Rfb1 Qa6 23.Bb2 1-0

[Event "20th Reykjavik op"]
[Site "Reykjavik ISL"]
[Date "2002.03.07"]
[Round "1"]
[White "Stefansson, Hannes Hlifar"]
[Black "Jonasson, Benedikt"]
[Result "1-0"]
[WhiteElo "2604"]
[BlackElo "2267"]
[EventDate "2002.03.07"]
[PlyCount "97"]

1.e4 c5 2.Nf3 Nc6 3.d4 cxd4 4.Nxd4 g6 5.c4 Bg7 6.Be3 Nf6 7.Nc3 O-O 8.Be2 
d6 9.O-O Bd7 10.Qd2 Nxd4 11.Bxd4 Bc6 12.f3 Nd7 13.Be3 a5 14.b3 Nc5 15.Rab1
Qb6 16.Rfc1 Rfc8 17.Rc2 Qd8 18.Bf1 e6 19.Rd1 Be5 20.Nb5 Bxb5 21.cxb5 Qe7 
22.f4 Bg7 23.Qxd6 Qxd6 24.Rxd6 Nxe4 25.Rxc8+ Rxc8 26.Rd7 Nc5 27.Rd1 Bb2 
28.b6 Ba3 29.Rd4 Kf8 30.g4 Ke7 31.Rc4 Kd6 32.Bg2 f6 33.g5 fxg5 34.fxg5 e5 
35.Rh4 Rh8 36.Kf1 Rf8+ 37.Ke2 Rf7 38.Bd2 Ne6 39.Bxa5 Bc5 40.Kd1 Rf2 41.
Bxb7 Rxa2 42.Ra4 Rb2 43.Be4 Rxb3 44.b7 Rb5 45.h4 Kd7 46.Rc4 Kd6 47.Bc3 Nf4
48.Ra4 Ke6 49.Ra5 1-0

[Event "20th Reykjavik op"]
[Site "Reykjavik ISL"]
[Date "2002.03.07"]
[Round "1"]
[White "Thompson, Ian"]
[Black "Votava, Jan"]
[Result "0-1"]
[WhiteElo "2209"]
[BlackElo "2515"]
[EventDate "2002.03.07"]
[PlyCount "124"]

1.c4 c5 2.g3 Nf6 3.Bg2 e6 4.Nf3 Nc6 5.O-O Be7 6.d4 cxd4 7.Nxd4 O-O 8.e4 
Nxd4 9.Qxd4 d6 10.Nc3 Bd7 11.e5 dxe5 12.Qxe5 Qb6 13.Qe2 Bc5 14.b3 Bc6 15.
Bb2 Rad8 16.Rad1 a6 17.Rxd8 Rxd8 18.Rd1 Rc8 19.Bxc6 Qxc6 20.a3 Be7 21.Rd3 
h5 22.h3 b6 23.Kh2 Bc5 24.Na4 Be7 25.Nc3 Rc7 26.Qd1 Rb7 27.Qh1 Qc7 28.Qf3 
h4 29.Ne4 hxg3+ 30.fxg3 Ne8 31.Bc1 Qc8 32.Ng5 f6 33.Ne4 b5 34.c5 b4 35.
axb4 Rxb4 36.Ba3 Rb5 37.Qd1 Rb8 38.Nd6 Qc6 39.Qh1 Qxh1+ 40.Kxh1 Nxd6 41.
cxd6 Bd8 42.Rc3 Kf7 43.Rc6 a5 44.Bc5 e5 45.Ra6 Ke6 46.Ra7 g5 47.h4 gxh4 
48.gxh4 Rxb3 49.Ra8 Kd7 50.Kg2 e4 51.Bf2 e3 52.Be1 Rb1 53.Kf1 f5 54.Ke2 f4
55.Bc3 Rc1 56.Kd3 e2 57.Rxd8+ Kxd8 58.Bxa5+ Kd7 59.Kxe2 Kxd6 60.Bd2 Rc2 
61.Ke1 Ke5 62.h5 Ke4 0-1

[Event "20th Reykjavik op"]
[Site "Reykjavik ISL"]
[Date "2002.03.07"]
[Round "1"]
[White "Thorfinnsson, Bjoern"]
[Black "Schubert, Hans-Joachim"]
[Result "1-0"]
[WhiteElo "2279"]
[BlackElo "2005"]
[EventDate "2002.03.07"]
[PlyCount "65"]

1.d4 f5 2.e4 fxe4 3.Nc3 Nf6 4.Bg5 c6 5.f3 d5 6.fxe4 Nxe4 7.Nxe4 dxe4 8.Bc4
Bf5 9.Ne2 Qa5+ 10.Bd2 Qb6 11.O-O g6 12.Be3 Nd7 13.Nf4 Nf6 14.Ne6 Nd5 15.
Bxd5 cxd5 16.Rxf5 Qxe6 17.Re5 Qd7 18.c4 dxc4 19.Rxe4 Bg7 20.Qe2 Rc8 21.Rf1
Rf8 22.Re1 Rf7 23.Bg5 Kf8 24.Bxe7+ Kg8 25.Kh1 b5 26.Bc5 Bf8 27.Re5 Bxc5 
28.dxc5 Rcf8 29.h3 Qd4 30.c6 Rf2 31.Qe3 Qxb2 32.Re8 Qf6 33.c7 1-0

[Event "20th Reykjavik op"]
[Site "Reykjavik ISL"]
[Date "2002.03.07"]
[Round "1"]
[White "Thorsteinsson, Thorsteinn"]
[Black "Gudmundsson, Kjartan"]
[Result "1-0"]
[WhiteElo "2332"]
[BlackElo "2034"]
[EventDate "2002.03.07"]
[PlyCount "155"]

1.d4 f5 2.g3 Nf6 3.Bg2 e6 4.Nf3 d5 5.O-O c6 6.c4 Bd6 7.Qc2 O-O 8.Nc3 Ne4 
9.Rb1 a5 10.b3 Nd7 11.Bb2 Qe8 12.Nxe4 fxe4 13.Ne5 Nf6 14.f3 exf3 15.exf3 
Bxe5 16.dxe5 Nh5 17.Bc1 g6 18.Be3 Ng7 19.g4 Qd8 20.Qf2 a4 21.h4 axb3 22.
Bb6 Qd7 23.axb3 dxc4 24.Rfd1 Qf7 25.Bc5 Re8 26.bxc4 Qf4 27.Qe2 b5 28.Bf2 
Ba6 29.Rd4 Qf7 30.c5 h5 31.Qe3 Red8 32.Rd6 Rf8 33.Rb4 Rac8 34.Rbd4 Rc7 35.
Bg3 b4 36.Rxb4 Bb5 37.Qg5 Ra7 38.Rf4 Qe7 39.Rxf8+ Kxf8 40.Qxg6 Ra1+ 41.Kh2
Ra2 42.Kh3 Qf7 43.Rd8+ Ne8 44.Qh6+ Ke7 45.Qg5+ Kf8 46.Rd4 hxg4+ 47.fxg4 
Ra4 48.Rd2 Ra3 49.Kh2 Qg7 50.Rf2+ Kg8 51.Qh5 Nc7 52.Be4 Bd3 53.Bxc6 Bg6 
54.Qg5 Rc3 55.Qd8+ Kh7 56.Qd4 Rd3 57.Qf4 Rc3 58.h5 Bb1 59.Be4+ Bxe4 60.
Qxe4+ Kh8 61.Bh4 Nd5 62.Ra2 Qh6 63.Bf6+ Nxf6 64.exf6 Qxf6 65.Ra8+ Kg7 66.
Ra7+ Kh6 67.Qh7+ Kg5 68.Qg7+ Qxg7 69.Rxg7+ Kh4 70.h6 Rc2+ 71.Kg1 Kg3 72.
Kf1 Kf3 73.Ke1 Rxc5 74.h7 Rc1+ 75.Kd2 Rh1 76.g5 Kf4 77.g6 Kf5 78.Rg8 1-0

[Event "20th Reykjavik op"]
[Site "Reykjavik ISL"]
[Date "2002.03.08"]
[Round "2"]
[White "Arngrimsson, Dagur"]
[Black "Kiss, Pal"]
[Result "0-1"]
[WhiteElo "2094"]
[BlackElo "2390"]
[EventDate "2002.03.07"]
[PlyCount "262"]

1.e4 c5 2.Nf3 Nc6 3.d4 cxd4 4.Nxd4 Nf6 5.Nc3 e5 6.Ndb5 d6 7.Nd5 Nxd5 8.
exd5 Ne7 9.c3 Nf5 10.Bd3 Be7 11.O-O O-O 12.Kh1 Nh4 13.a4 a6 14.Na3 Ng6 15.
Nc4 f5 16.f4 Nxf4 17.Bxf4 exf4 18.Rxf4 g6 19.a5 Bf6 20.Qb3 Rb8 21.Re1 Re8 
22.Rff1 Be7 23.Qb6 Bd7 24.Re2 Bb5 25.Rfe1 Qxb6 26.Nxb6 Bxd3 27.Rxe7 Be4 
28.Rxe8+ Rxe8 29.Kg1 Kf7 30.b4 Ke7 31.c4 Kd8 32.c5 dxc5 33.bxc5 Kc7 34.Nc4
Rd8 35.d6+ Kc6 36.Nb6 Kxc5 37.d7 Kb5 38.Rc1 Bc6 39.Ra1 f4 40.Kf2 g5 41.Ra2
h5 42.Rb2+ Kc5 43.Rd2 g4 44.g3 f3 45.Ke3 Kb4 46.Rb2+ Kc3 47.Rd2 Kb4 48.
Rb2+ Kc5 49.Rd2 Bb5 50.Rc2+ Kd6 51.Rc8 Ke7 52.Kf2 Bd3 53.Ke3 Bf5 54.Kf2 
Rxc8 55.dxc8=Q Bxc8 56.Nxc8+ Kd7 57.Nb6+ Kc6 58.h4 gxh3 59.Kxf3 Kb5 60.Nd5
Kxa5 61.Nf4 h2 62.Kg2 Kb4 63.Nxh5 a5 64.Nf4 a4 65.Nd3+ Kc3 66.Nc1 b5 67.
Na2+ Kb2 68.g4 Kxa2 69.g5 Kb2 70.g6 a3 71.g7 a2 72.g8=Q h1=Q+ 73.Kxh1 
a1=Q+ 74.Kg2 Qc1 75.Qb8 Qd2+ 76.Kf3 b4 77.Kg4 Qd4+ 78.Kh5 b3 79.Qb5 Qd1+ 
80.Kh4 Qe1+ 81.Kh5 Qd1+ 82.Kh4 Qd4+ 83.Kh5 Qe3 84.Qc4 Qf3+ 85.Kh4 Kb1 86.
Qc5 Qf4+ 87.Kh3 Qh6+ 88.Kg4 Qg6+ 89.Kh4 b2 90.Qc4 Qg2 91.Kh5 Qh1+ 92.Kg4 
Qd1+ 93.Kh4 Qc2 94.Qf1+ Ka2 95.Qa6+ Kb3 96.Qb6+ Ka3 97.Qd6+ Ka4 98.Qa6+ 
Kb4 99.Qb6+ Kc3 100.Qc5+ Kb3 101.Qb6+ Kc4 102.Qc6+ Kd3 103.Qf3+ Kd2 104.
Qf2+ Kc1 105.Qe1+ Qd1 106.Qc3+ Kb1 107.Qc4 Qh1+ 108.Kg4 Qa8 109.Qf1+ Ka2 
110.Qc4+ Ka1 111.Qd4 Qa5 112.Kh4 Qa3 113.Kg4 Qa6 114.Kh4 Ka2 115.Qd5+ Ka3 
116.Qc5+ Kb3 117.Qe3+ Ka2 118.Qd2 Qc4+ 119.Kg3 Kb3 120.Qd1+ Ka3 121.Qd6+ 
Ka2 122.Qd2 Qb3+ 123.Kh2 Qa4 124.Qd5+ Ka1 125.Qe5 Qc2+ 126.Kh3 Qd2 127.Kg3
Qd3+ 128.Kh4 Ka2 129.Qe6+ Ka3 130.Qe7+ Kb3 131.Qb7+ Kc3 0-1

[Event "20th Reykjavik op"]
[Site "Reykjavik ISL"]
[Date "2002.03.08"]
[Round "2"]
[White "Asmundsson, Ingvar"]
[Black "Lobron, Eric"]
[Result "0-1"]
[WhiteElo "2347"]
[BlackElo "2517"]
[EventDate "2002.03.07"]
[PlyCount "71"]

1.e4 c5 2.Nf3 e6 3.b3 a6 4.Bb2 Nc6 5.Be2 d5 6.exd5 exd5 7.d4 Nf6 8.O-O Be7
9.dxc5 Bxc5 10.Nd4 O-O 11.Nxc6 bxc6 12.Nc3 Re8 13.Na4 Ba7 14.Bf3 Ne4 15.
Bd4 c5 16.Bb2 Bb7 17.c4 d4 18.Ba3 Qc7 19.Qd3 Rad8 20.Rfe1 f5 21.g3 Re6 22.
Bg2 Rde8 23.Bc1 Qf7 24.Bd2 Bb8 25.f3 Nxd2 26.Qxd2 Bd6 27.f4 Bxf4 28.Qxf4 
Rxe1+ 29.Rxe1 Rxe1+ 30.Kf2 Re8 31.Nxc5 Bxg2 32.Kxg2 Re2+ 33.Kf1 h6 34.Qxd4
Qh5 35.h4 Kh7 36.Qf4 0-1